Entry Nombre personal
001 - NÚMERO DE CONTROL
- campo de control: 240142
003 - IDENTIFICADOR DE NÚMERO DE CONTROL
- campo de control: SpMaBN
005 - FECHA Y HORA DE LA ÚLTIMA TRANSACCIÓN
- campo de control: 20250430124520.0
008 - ELEMENTOS DE DATO DE LONGITUD-FIJA
- campo de control de longitud fija: 901120nn aijnnaabn a aaa
016 ## - NÚMERO DE CONTROL DE UNA AGENCIA BIBLIOGRÁFICA NACIONAL
- Número de control del registro: BNE19900078599
024 7# - IDENTIFICADOR DE OTROS ESTÁNDARES
- Número estándar o código: http://viaf.org/viaf/87910510/
- Fuente: viaf
040 ## - FUENTE DE CATALOGACIÓN
- Centro catalogador/agencia de origen: SpMaBN
- Lengua de catalogación: spa
- Centro/agencia transcriptor: SpMaBN
- Normas de descripción: rdc
- Convención/Normas de encabezamiento de materia/tesauro: embne
100 1# - ENCABEZAMIENTO-NOMBRE DE PERSONA
- Nombre de persona: Garrido-Lestache Cabrera, R.
400 1# - TRAZADO DE VÉASE--NOMBRE DE PERSONA
- Nombre de persona: Garrido Lestache, Rafael
400 1# - TRAZADO DE VÉASE--NOMBRE DE PERSONA
- Nombre de persona: Garrido-Lestache Cabrera, Rafael
670 ## - FUENTE DE DATOS ENCONTRADOS
- Cita de la fuente: Toxicología forense, práctica, analítica, 1983
670 ## - FUENTE DE DATOS ENCONTRADOS
- Cita de la fuente: WWW BN España aut.,
- Información encontrada: (Garrido-Lestache Cabrera, R.)
954 ## - CATALOGADOR -ALTA REGISTRO
- Nombre del catalogador: Inmaculada Vicente Garcia
